Business crimes in Argentina & Latin America /

Guardado en:
Autor Principal: Durrieu Jr., Roberto
Formato: Libro
Idioma:Spanish
Publicado: Buenos Aires : Ad-Hoc, 2008
Edición:1º ed.
Materias:
Etiquetas: Agregar Etiqueta
Sin Etiquetas, Sea el primero en etiquetar este registro!
LEADER 00468nam a22001575a 4500
001 DER.der007205
005 20081030000000.0
008 180615s2008####||||||||||||||||||||spa||
020 |a 978-950-894-691-1 
100 1 |a Durrieu Jr., Roberto 
245 1 0 |a Business crimes in Argentina & Latin America /  |c Roberto Durrieu Jr. 
250 |a 1º ed. 
260 |a Buenos Aires :  |b Ad-Hoc,  |c 2008 
300 0 |a 224 p. 
653 |a DERECHO PENAL 
859 |a DERECHO  |b BIB. DERECHO  |h 345  |i DUR  |p 005758